[Event "RUS-chT Clubs U18"]
[Site "Rybinsk"]
[Date "2008.08.04"]
[Round "3"]
[White "Kindinova, Ekaterina"]
[Black "Kashlinskaya, Alina"]
[Result "0-1"]
[WhiteElo "2122"]
[BlackElo "2201"]
[PlyCount "62"]
[EventDate "2008.08.02"]
[EventType "team"]
[EventRounds "9"]
[EventCountry "RUS"]
[SourceTitle "CBM 125 Extra"]
[Source "ChessBase"]
[SourceDate "2008.09.01"]
[SourceVersion "1"]
[SourceVersionDate "2008.09.01"]
[SourceQuality "1"]

1. e4 c5 2. Nf3 d6 3. d4 cxd4 4. Nxd4 Nf6 5. Nc3 g6 6. Be3 Bg7 7. Bc4 0-0 8. f3 Nc6 9. Qd2 Bd7 10. 0-0-0 Rc8 11. Bb3 Ne5 12. Kb1 Re8 13. h4 h5 14. Nde2 b5 15. Bxa7 b4 16. Nd5 Nxd5 17. Bxd5 Ba4 18. b3 Qa5 19. Bd4 e6 20. Bb7 Rb8 21. f4 Nd7 22. Bxg7 Kxg7 23. bxa4 Rxb7 24. Qxd6 Qxa4 25. Qd4+ Kg8 26. g4 Rc8 27. Rd2 Nb6 28. gxh5 Rd7 29. Qxb6 Rxd2 30. Nd4 b3 31. Nxb3 Rdxc2 0-1

[Event "RUS-ch (Women) 1st League 58th"]
[Site "Smolensk"]
[Date "2008.03.03"]
[Round "6"]
[White "Lupik, Marina"]
[Black "Kindinova, Ekaterina"]
[Result "1/2-1/2"]
[WhiteElo "2222"]
[BlackElo "2097"]
[PlyCount "86"]
[EventDate "2008.02.27"]
[EventType "swiss"]
[EventRounds "9"]
[EventCountry "RUS"]
[SourceTitle "CBM 123 Extra"]
[Source "ChessBase"]
[SourceDate "2008.05.06"]
[SourceVersion "1"]
[SourceVersionDate "2008.05.06"]
[SourceQuality "1"]

1. d4 Nf6 2. c4 g6 3. Nc3 Bg7 4. e4 d6 5. Nf3 0-0 6. Be2 e5 7. 0-0 c6 8. Be3 Na6 9. Re1 exd4 10. Nxd4 Nc5 11. f3 a5 12. Qd2 Re8 13. Rad1 Qe7 14. Bf1 Nh5 15. g4 Nf6 16. Nc2 Bf8 17. Bf4 Qc7 18. Bxd6 Qb6 19. Kh1 Bxg4 20. fxg4 Ncxe4 21. Nxe4 Nxe4 22. Rxe4 Rxe4 23. Qg2 Rae8 24. Bxf8 Kxf8 25. b3 Rf4 26. Qg3 Rf2 27. Qd6+ Kg8 28. c5 Qa7 29. Bd3 Qb8 30. Qxb8 Rxb8 31. Kg1 Rf4 32. h3 Rd8 33. Be2 Re8 34. Bc4 Re5 35. Rd7 Rxc5 36. Rxb7 h5 37. Ne1 hxg4 38. Nd3 Rfxc4 39. bxc4 Rxc4 40. Rxf7 Kxf7 41. Ne5+ Ke6 42. Nxc4 gxh3 43. Nxa5 c5 1/2-1/2